000 00827nam a22003015a 4500
999 _c3368
_d233872
001 003015
003 armpunfd
005 20190409162322.0
008 140924s2000####ag############000#0#und#d
020 _a9507431292
080 _a347.736/ 739 C 596
245 1 0 _aConcursos y Quiebras.
260 _aBuenos Aires :
_bValletta,
_c2000.
300 _a140 P.
650 7 _aCesacion de Pagos
_2LEMB
650 7 _aConcurso Preventivo
_2LEMB
650 7 _aEfectos de la Quiebra
_2LEMB
650 7 _aExtensión de la Quiebra
_2LEMB
650 7 _aGrupos Economicos
_2LEMB
650 7 _aLey 24522
_2LEMB
650 7 _aLey 24760
_2LEMB
650 7 _aPeriodo de Exclusividad
_2LEMB
650 7 _aQuiebras
_2LEMB
650 7 _aVerificacion de Creditos
_2LEMB
651 _2LEMB
945 _acd
_d2014-09-24